000 00265nam a2200109Ia 4500
008 220204s9999 xx 000 0 und d
082 _a82-3
_bBLA
100 _aBlack, Hermina
245 4 _aThe House with the fountains
260 _aBombay
_bWilco
_c1964
942 _cBK
999 _c29568
_d29568